| 000 | 00828nam a22002177a 4500 | ||
|---|---|---|---|
| 001 | 44385 | ||
| 003 | BD-RjUL | ||
| 005 | 20211209053840.0 | ||
| 008 | 160717s1964 ii ||||| |||| 00| 0dben d | ||
| 035 | _a(BD-RjUL)44503 | ||
| 040 |
_aBD-RjUL _bben _cBD-RjUL |
||
| 041 | _aben | ||
| 082 |
_223 _a891.443 _bBAB 1964 |
||
| 100 | 1 |
_aবন্দোপাধ্যায়, বিভূতিভূষণ _9136238 |
|
| 245 | 1 | 0 |
_aবিভূতি বিচিত্রা / _cবিভূতিভূষণ বন্দোপাধ্যায় |
| 260 |
_aকলিকাতা : _bমিত্র ও ঘোষ, _c১৯৬৪ [১৩৭১] |
||
| 300 |
_a৬১২ পৃ ; _c২১ সেমি. |
||
| 650 |
_aবাংলা উপন্যাস _9236420 |
||
| 650 |
_aBengali Fiction _9236421 |
||
| 942 |
_2ddc _cBK |
||
| 999 |
_c44385 _d44385 |
||